| 000 | 01291nam a22002777a 4500 | ||
|---|---|---|---|
| 005 | 20130924145044.0 | ||
| 008 | 090408t xxu||||| |||| 00| 0 hin d | ||
| 010 | _aHIN-97369 B-502995-999 | ||
| 020 |
_a9789350722787 _c200.00 |
||
| 035 | _aHN-69715 B-502995-999 | ||
| 037 | _bDBAD / PUB | ||
| 037 | _bप्रकाशन संस्थान | ||
| 040 |
_aDPL _bHN |
||
| 082 | _aक | ||
| 100 |
_927482 _aमण्टो, सआदत हसन |
||
| 245 |
_aमीना बाज़ार / _cसआदत हसन मण्टो |
||
| 246 |
_aMeena Bazar _bby Saadat Hasan Manto |
||
| 260 |
_aनई दिल्ली _bवाणी प्रकाशन _c2012 |
||
| 270 |
_a4695, 21-ए, दरियागंज _bनई दिल्ली _e110002 _k9111 2327317 _mvaniprakashan.in _l91 11 23275710 |
||
| 300 |
_a138पृ. _c22 सेमी (सजिल्द) |
||
| 490 | _aमण्टो अब तक-15 | ||
| 650 |
_91169 _aHindi Short Stories |
||
| 650 |
_aहिन्दी लघु कथाएँ _953560 |
||
| 942 |
_adpl _cHN _2ddc _mमण्टोस _hक |
||
| 999 |
_c71326 _d71326 |
||